[Event "Landesliga Sued 1314"]
[Site "Bayern"]
[Date "2013.11.24"]
[Round "3.2"]
[White "Havlik, Jan"]
[Black "Heiduczek, Josef"]
[Result "1-0"]
[WhiteElo "2323"]
[BlackElo "2160"]
[PlyCount "71"]
[EventDate "2013.10.13"]
[EventType "team-tourn"]
[EventRounds "9"]
[EventCountry "GER"]
[SourceTitle "EXT 2015"]
[Source "ChessBase"]
[SourceDate "2014.11.20"]
[SourceVersion "1"]
[SourceVersionDate "2014.11.20"]
[SourceQuality "1"]
[WhiteTeam "Roehrnbach"]
[BlackTeam "Rottal"]
[WhiteTeamCountry "GER"]
[BlackTeamCountry "GER"]

1. e4 c5 2. Nf3 d6 3. d4 cxd4 4. Nxd4 Nf6 5. Nc3 a6 6. Bc4 e6 7. Bb3 b5 8. 0-0 Be7 9. Bg5 Bd7 10. f4 Nc6 11. Kh1 b4 12. Na4 Nxe4 13. Bxe7 Nxe7 14. f5 exf5 15. Qe1 0-0 16. Qxb4 g6 17. Rad1 Nc6 18. Nxc6 Bxc6 19. Qd4 Qh4 20. Kg1 Qg5 21. Nb6 Rae8 22. Nd5 Re5 23. Nf4 Rfe8 24. Qc4 Bb5 25. Qxf7+ Kh8 26. Be6 R5xe6 27. Nxe6 Qe3+ 28. Kh1 Rg8 29. Rf4 h6 30. Rxe4 Qxe4 31. Qf6+ Kh7 32. Nf8+ Rxf8 33. Qxf8 f4 34. Qf7+ Kh8 35. Qd5 Qe2 36. Qxd6 1-0

[Event "Niederbayern-ch"]
[Site "Untergriesbach"]
[Date "2013.04.05"]
[Round "4"]
[White "Heiduczek, Josef"]
[Black "Zepke, Armin"]
[Result "1-0"]
[WhiteElo "2205"]
[BlackElo "2032"]
[PlyCount "95"]
[EventDate "2013.04.04"]
[EventType "swiss"]
[EventRounds "7"]
[EventCountry "GER"]
[SourceTitle "EXT 2023"]
[Source "ChessBase"]
[SourceDate "2022.10.05"]
[SourceVersion "1"]
[SourceVersionDate "2022.10.05"]
[SourceQuality "1"]

1. e4 e5 2. Nf3 Nf6 3. Nxe5 d6 4. Nf3 Nxe4 5. Nc3 Nxc3 6. dxc3 Nc6 7. Be3 Be7 8. Qd2 Bg4 9. Be2 Qd7 10. h3 Bxf3 11. Bxf3 Qf5 12. 0-0-0 Qa5 13. Bd5 0-0 14. g4 Nd8 15. Kb1 c6 16. Bg2 d5 17. f4 b5 18. f5 b4 19. Bd4 Rb8 20. f6 bxc3 21. Bxc3 Bb4 22. Bxb4 Qxb4 23. c3 Qb6 24. fxg7 Re8 25. Bf1 Ne6 26. Bd3 Nc5 27. Rh2 Nxd3 28. Qxd3 Qe3 29. Kc2 Qxd3+ 30. Kxd3 Kxg7 31. Rdd2 Re4 32. Rde2 Rbe8 33. Rxe4 Rxe4 34. Re2 Rxe2 35. Kxe2 Kf6 36. Kf3 Ke5 37. Ke3 a5 38. b4 a4 39. Kd3 Kf4 40. Kd4 Kg3 41. Kc5 Kxh3 42. Kxc6 Kxg4 43. b5 f5 44. b6 f4 45. b7 f3 46. b8Q f2 47. Qb5 Kf3 48. Qf1 1-0

[Event "AUT-chT2W 1213"]
[Site "Austria"]
[Date "2012.10.06"]
[Round "2.5"]
[White "Gaertner, Guntram"]
[Black "Heiduczek, Josef"]
[Result "1/2-1/2"]
[WhiteElo "2331"]
[BlackElo "2214"]
[PlyCount "179"]
[EventDate "2012.10.05"]
[EventType "team-tourn"]
[EventRounds "11"]
[EventCountry "AUT"]
[SourceTitle "EXT 2013"]
[Source "ChessBase"]
[SourceDate "2012.11.22"]
[SourceVersion "1"]
[SourceVersionDate "2012.11.22"]
[SourceQuality "1"]
[WhiteTeam "Hohenems II"]
[BlackTeam "Ranshofen"]
[WhiteTeamCountry "AUT"]
[BlackTeamCountry "AUT"]

1. d4 f5 2. Nc3 Nf6 3. Bg5 d5 4. Bxf6 exf6 5. e3 Be6 6. Bd3 Nc6 7. a3 Qd7 8. Qf3 0-0-0 9. Nge2 g6 10. h4 h5 11. 0-0-0 Bf7 12. Nf4 Kb8 13. Qg3 Rg8 14. f3 Bh6 15. Qh2 Rh8 16. g3 g5 17. Ng2 Ne7 18. Kb1 Nc8 19. Qg1 Nd6 20. Qf2 Qc6 21. Rde1 Rde8 22. Qd2 Rhg8 23. Qf2 Nc4 24. Bxc4 Qxc4 25. hxg5 fxg5 26. f4 g4 27. Qe2 Qc6 28. Qb5 Qe6 29. Qd3 c6 30. Nd1 Bg7 31. Nh4 Bg6 32. Qd2 Bf8 33. Nf2 Bd6 34. Nd3 Ref8 35. b4 Be8 36. c3 Rg7 37. Ne5 b5 38. Kb2 Bc7 39. Ng2 Bd8 40. Ra1 Rh8 41. Nh4 Rf8 42. Qd3 Rf6 43. Kc2 Rf8 44. Kd2 Bb6 45. Qc2 Rb7 46. Nd3 Re7 47. Rhe1 Rf6 48. Nc5 Bxc5 49. bxc5 a6 50. Ng2 Ra7 51. Rh1 Rh6 52. Rh4 Rhh7 53. Ra2 Bd7 54. Ke2 Bc8 55. Kf2 a5 56. Rb2 a4 57. Ne1 Rae7 58. Ng2 Kc7 59. Rb1 Bd7 60. Re1 Be8 61. Re2 Bg6 62. Ne1 Qe4 63. Qxe4 fxe4 64. Nc2 Bf5 65. Re1 Re8 66. Reh1 Reh8 67. Ke2 Rh6 68. Ne1 R6h7 69. Ng2 Kd7 70. R4h2 Ke6 71. Nh4 Rf8 72. Nxf5 Rxf5 73. Rh4 Rf6 74. Rxh5 Rxh5 75. Rxh5 Kf7 76. Kf2 Rg6 77. Kg2 Kg7 78. Rh4 Kg8 79. Rh1 Kf7 80. Rh5 Rg8 81. f5 Rf8 82. Rh6 Ke8 83. Rh5 Rg8 84. f6 Rg6 85. Rf5 Kf7 86. Rf4 Rg5 87. Rf1 Rg6 88. Rf4 Rg5 89. Rf1 Rg6 90. Rf4 1/2-1/2

[Event "Braunau op-A 11th"]
[Site "Ranshofen"]
[Date "2012.08.11"]
[Round "9"]
[White "Heiduczek, Josef"]
[Black "Friedel, Marcus"]
[Result "1/2-1/2"]
[WhiteElo "2214"]
[BlackElo "2137"]
[PlyCount "78"]
[EventDate "2012.08.04"]
[EventType "swiss"]
[EventRounds "9"]
[EventCountry "AUT"]
[SourceTitle "CBM 149 Extra"]
[Source "ChessBase"]
[SourceDate "2012.08.24"]
[SourceVersion "1"]
[SourceVersionDate "2012.08.24"]
[SourceQuality "1"]

1. e4 e5 2. Nf3 Nc6 3. Bb5 Nf6 4. 0-0 Nxe4 5. d4 Nd6 6. Bxc6 dxc6 7. dxe5 Nf5 8. Qxd8+ Kxd8 9. Nc3 Ne7 10. b3 Ng6 11. Bb2 h6 12. h3 Ke8 13. Ne4 c5 14. c4 Be6 15. Kh2 Rd8 16. Rad1 Be7 17. Ng1 Rxd1 18. Rxd1 h5 19. g3 a5 20. Kg2 a4 21. Kf3 b6 22. Ke3 Bd8 23. f4 Ne7 24. Kf3 Nc6 25. g4 hxg4+ 26. hxg4 axb3 27. axb3 Rh2 28. Rd2 Rxd2 29. Nxd2 f5 30. gxf5 Bxf5 31. Ke3 g5 32. Ngf3 gxf4+ 33. Kxf4 Bc2 34. Bc3 Kf7 35. Ne1 Bd1 36. Ng2 Nd4 37. Bxd4 cxd4 38. b4 c5 39. Ne4 cxb4 1/2-1/2

[Event "Braunau op-A 11th"]
[Site "Ranshofen"]
[Date "2012.08.07"]
[Round "5"]
[White "Heiduczek, Josef"]
[Black "Farago, Ivan"]
[Result "0-1"]
[WhiteElo "2214"]
[BlackElo "2491"]
[PlyCount "136"]
[EventDate "2012.08.04"]
[EventType "swiss"]
[EventRounds "9"]
[EventCountry "AUT"]
[SourceTitle "CBM 149 Extra"]
[Source "ChessBase"]
[SourceDate "2012.08.24"]
[SourceVersion "1"]
[SourceVersionDate "2012.08.24"]
[SourceQuality "1"]

1. e4 c5 2. Nf3 e6 3. d4 cxd4 4. Nxd4 Nc6 5. Nc3 a6 6. Nxc6 bxc6 7. Bd3 d5 8. 0-0 Nf6 9. Bg5 Be7 10. e5 Nd7 11. Bxe7 Qxe7 12. Qh5 c5 13. b3 Bb7 14. f4 g6 15. Qh6 Qf8 16. Qh3 Qg7 17. Rae1 0-0 18. Nd1 Rae8 19. c4 d4 20. Nf2 f6 21. exf6 Nxf6 22. Re5 Nh5 23. g3 Qc7 24. Rfe1 Nf6 25. Ng4 Re7 26. Nxf6+ Rxf6 27. Qh4 Kg7 28. f5 Ref7 29. fxe6 Re7 30. Qg5 Qd6 31. Rd5 Rexe6 32. Qxf6+ Kxf6 33. Rxd6 Rxd6 34. Kf2 Re6 35. Rxe6+ Kxe6 36. Ke2 Ke5 37. a3 a5 38. Kd2 Be4 39. Bf1 Kf5 40. Be2 Bg2 41. Kd3 Ke5 42. Kd2 Ke4 43. Bg4 Bf1 44. Bd1 h5 45. Bc2+ d3 46. Bb1 g5 47. Ke1 Be2 48. Kd2 g4 49. Ba2 Kd4 50. Bb1 Bf1 51. Ba2 Bg2 52. Bb1 Be4 53. Ba2 Bg6 54. a4 Bf5 55. Bb1 Be4 56. Ba2 Bg2 57. Bb1 Bf1 58. Ba2 Be2 59. Bb1 Ke4 60. Ba2 Kf3 61. Bb1 Kg2 62. Bxd3 Bf3 63. Ke3 Kxh2 64. Kf4 h4 65. gxh4 g3 66. Bf1 Be2 67. Bg2 Kxg2 68. b4 Kf2 0-1

[Event "Oberliga Bayern 1112"]
[Site "Bayern"]
[Date "2012.02.26"]
[Round "7.1"]
[White "Loos, Roland"]
[Black "Heiduczek, Josef"]
[Result "1-0"]
[WhiteElo "2303"]
[BlackElo "2164"]
[PlyCount "67"]
[EventDate "2011.10.02"]
[EventType "team-tourn"]
[EventRounds "9"]
[EventCountry "GER"]
[SourceTitle "EXT 2015"]
[Source "ChessBase"]
[SourceDate "2014.11.20"]
[SourceVersion "1"]
[SourceVersionDate "2014.11.20"]
[SourceQuality "1"]
[WhiteTeam "Neutraubling"]
[BlackTeam "Rottal"]
[WhiteTeamCountry "GER"]
[BlackTeamCountry "GER"]

1. e4 c5 2. Nf3 d6 3. Bb5+ Bd7 4. Bxd7+ Qxd7 5. c4 g6 6. Nc3 Bg7 7. d4 cxd4 8. Nxd4 Nc6 9. Be3 Nf6 10. f3 0-0 11. 0-0 Rfd8 12. Qd2 e6 13. Rfd1 d5 14. exd5 exd5 15. c5 Ne8 16. Nxc6 bxc6 17. Bd4 Qf5 18. Ne2 Qd7 19. Re1 Nc7 20. Bxg7 Kxg7 21. Nd4 Re8 22. Qg5 Na6 23. Qd2 Nc7 24. Qg5 Na6 25. Rac1 f6 26. Qg3 Rxe1+ 27. Rxe1 Nxc5 28. Rc1 Nd3 29. Rxc6 Ne5 30. Rc7 Qxc7 31. Ne6+ Kf7 32. Nxc7 Rd8 33. Qh3 Rd7 34. Qe6+ 1-0

[Event "Oberliga Bayern 1112"]
[Site "Bayern"]
[Date "2012.02.05"]
[Round "6.1"]
[White "Heiduczek, Josef"]
[Black "Hertneck, Gerald"]
[Result "1-0"]
[WhiteElo "2164"]
[BlackElo "2501"]
[PlyCount "85"]
[EventDate "2011.10.02"]
[EventType "team-tourn"]
[EventRounds "9"]
[EventCountry "GER"]
[SourceTitle "EXT 2013"]
[Source "ChessBase"]
[SourceDate "2012.11.22"]
[SourceVersion "1"]
[SourceVersionDate "2012.11.22"]
[SourceQuality "1"]
[WhiteTeam "Rottal"]
[BlackTeam "MSA Zugzwang"]
[WhiteTeamCountry "GER"]
[BlackTeamCountry "GER"]

1. e4 e6 2. d4 d5 3. Nc3 Nc6 4. Nf3 Nf6 5. e5 Ne4 6. Ne2 Qe7 7. Ng3 f5 8. exf6 gxf6 9. Bd3 f5 10. Bf4 Bd7 11. Bxc7 Qb4+ 12. c3 Qxb2 13. 0-0 Nxg3 14. Bxg3 0-0-0 15. Rb1 Qa3 16. Qe2 Rg8 17. Rb3 Qa5 18. Rfb1 Rxg3 19. hxg3 b6 20. Ne5 Nxe5 21. Qxe5 Kb7 22. c4 Ba4 23. R3b2 Ba3 24. Re2 Qc3 25. Qe3 Bb4 26. cxd5 Rxd5 27. Qxe6 Qxd3 28. Qxd5+ Bc6 29. Qf7+ Ka6 30. Rxb4 Qxe2 31. Qc4+ Qxc4 32. Rxc4 Kb5 33. Rc2 Bd5 34. f3 Kb4 35. Kf2 Ka3 36. g4 fxg4 37. f4 a5 38. f5 Be4 39. f6 Bxc2 40. f7 Kxa2 41. f8Q Bb3 42. Ke3 Kb2 43. Qf6 1-0

[Event "Oberliga Bayern 1112"]
[Site "Bayern"]
[Date "2011.10.02"]
[Round "1.1"]
[White "Heiduczek, Josef"]
[Black "Wolfsteiner, Helmut"]
[Result "1-0"]
[WhiteElo "2164"]
[BlackElo "2287"]
[PlyCount "133"]
[EventDate "2011.10.02"]
[EventType "team-tourn"]
[EventRounds "9"]
[EventCountry "GER"]
[SourceTitle "EXT 2013"]
[Source "ChessBase"]
[SourceDate "2012.11.22"]
[SourceVersion "1"]
[SourceVersionDate "2012.11.22"]
[SourceQuality "1"]
[WhiteTeam "Rottal"]
[BlackTeam "Kriegshaber"]
[WhiteTeamCountry "GER"]
[BlackTeamCountry "GER"]

1. e4 c5 2. Nf3 e6 3. d4 cxd4 4. Nxd4 a6 5. Bd3 Nf6 6. 0-0 Qc7 7. Qe2 d6 8. c4 g6 9. Rd1 Bg7 10. Nf3 Nc6 11. Bf4 Nd7 12. Nc3 0-0 13. Bc2 Nde5 14. Rac1 Nxf3+ 15. Qxf3 Ne5 16. Qg3 Bd7 17. Bb3 Rfc8 18. Qh4 Be8 19. Bg5 Bf8 20. f4 h6 21. Bf6 Nd7 22. Bd4 Qd8 23. Qg3 Nc5 24. Bc2 Nd7 25. b3 Qe7 26. e5 dxe5 27. fxe5 Qg5 28. Qxg5 hxg5 29. Ne4 Be7 30. Nd6 Bxd6 31. exd6 f5 32. Be3 g4 33. Bd3 Ne5 34. Be2 Bc6 35. Bg5 Kf7 36. b4 Nd7 37. Rd2 Be4 38. Bd1 a5 39. a3 axb4 40. axb4 Ra3 41. c5 Rca8 42. Be2 Rb3 43. b5 Rc8 44. Rd4 Bd5 45. c6 bxc6 46. Rxd5 exd5 47. bxc6 Ne5 48. d7 Nxd7 49. Bc4 dxc4 50. cxd7 Ra8 51. d8Q Rxd8 52. Bxd8 Rb4 53. Ba5 Ra4 54. Be1 Ke6 55. Rc2 Ke5 56. Kf2 Kd5 57. Bd2 Ra3 58. Bc1 Ra6 59. Ke3 g5 60. Rd2+ Kc5 61. Rd8 Re6+ 62. Kf2 f4 63. Bd2 Rh6 64. Rg8 Rh5 65. Kg1 Kd4 66. Rd8+ Ke4 67. Bc3 1-0

[Event "Bayern-ch 82nd"]
[Site "Regensburg"]
[Date "2011.08.20"]
[Round "1"]
[White "Dauer, Christina"]
[Black "Heiduczek, Josef"]
[Result "0-1"]
[WhiteElo "1853"]
[BlackElo "2191"]
[PlyCount "73"]
[EventDate "2011.08.20"]
[EventType "swiss"]
[EventRounds "9"]
[EventCountry "GER"]
[SourceTitle "EXT 2015"]
[Source "ChessBase"]
[SourceDate "2014.11.20"]
[SourceVersion "1"]
[SourceVersionDate "2014.11.20"]
[SourceQuality "1"]

1. e4 e5 2. Nf3 d6 3. d4 exd4 4. Nxd4 Nf6 5. Nc3 Be7 6. Bc4 0-0 7. 0-0 Nxe4 8. Nxe4 d5 9. Bd3 dxe4 10. Bxe4 Re8 11. Qd3 g6 12. Bh6 Bf6 13. Rad1 c6 14. Rfe1 Nd7 15. Bxc6 Rxe1+ 16. Rxe1 Ne5 17. Qe4 bxc6 18. Nxc6 Bb7 19. Nxd8 Bxe4 20. Rxe4 Rxd8 21. Kf1 Nc6 22. c3 Bg7 23. Bf4 f5 24. Ra4 Rd1+ 25. Ke2 Rb1 26. b3 Rb2+ 27. Kf3 Rc2 28. c4 Nd4+ 29. Ke3 Ne6 30. Bb8 Bd4+ 31. Kd3 Rxf2 32. b4 Rxg2 33. Ra6 Kf7 34. a4 g5 35. Rxe6 Kxe6 36. Kxd4 f4 37. Ke4 0-1

[Event "Oberliga Bayern 1011"]
[Site "Germany"]
[Date "2011.03.20"]
[Round "8.3"]
[White "Heiduczek, Josef"]
[Black "Seuffert, Gabriel"]
[Result "0-1"]
[WhiteElo "2229"]
[BlackElo "2278"]
[PlyCount "110"]
[EventDate "2010.10.10"]
[EventType "team-tourn"]
[EventRounds "9"]
[EventCountry "GER"]
[SourceTitle "EXT 2012"]
[Source "ChessBase"]
[SourceDate "2011.11.24"]
[SourceVersion "1"]
[SourceVersionDate "2011.11.24"]
[SourceQuality "1"]
[WhiteTeam "Rottal"]
[BlackTeam "Wuerzburg"]
[WhiteTeamCountry "GER"]
[BlackTeamCountry "GER"]

1. e4 c5 2. Nf3 e6 3. d4 cxd4 4. Nxd4 Nc6 5. Nc3 Qc7 6. Be3 Nf6 7. f4 Nxd4 8. Qxd4 Ng4 9. 0-0-0 Nxe3 10. Qxe3 Bc5 11. Qf3 a6 12. e5 d5 13. Bd3 g6 14. Ne2 Bd7 15. Kb1 Qb6 16. Nc1 Ba4 17. g4 0-0-0 18. Nb3 Bxb3 19. axb3 h5 20. h3 Qc7 21. c3 Kb8 22. g5 a5 23. Bb5 Qb6 24. Qe2 Rc8 25. Ba4 Rhd8 26. Rhf1 Be3 27. Rd3 d4 28. c4 Qc7 29. Qf3 b6 30. Bb5 Qb7 31. Qxb7+ Kxb7 32. Kc2 Rd5 33. Kb1 Rdd8 34. Rf3 Rf8 35. h4 Rc5 36. Kc2 Rfc8 37. Kd1 R8c7 38. Ke2 Kc8 39. Ba4 Kb7 40. Bb5 Rc8 41. Rf1 Rxb5 42. cxb5 Rc5 43. Rf3 Rxb5 44. Rfxe3 dxe3 45. Rd7+ Kc6 46. Rxf7 Rxb3 47. Re7 Kd5 48. Kf3 e2+ 49. Kxe2 Rxb2+ 50. Kd3 Rb3+ 51. Kc2 Rb4 52. Rd7+ Ke4 53. Rf7 a4 54. f5 gxf5 55. g6 Kxe5 0-1

[Event "Niederbayern-ch"]
[Site "Mamming"]
[Date "2011.03.10"]
[Round "2"]
[White "Heiduczek, Josef"]
[Black "Haselbeck, Franz"]
[Result "1-0"]
[WhiteElo "2137"]
[BlackElo "1966"]
[PlyCount "113"]
[EventDate "2011.03.10"]
[EventType "swiss"]
[EventRounds "7"]
[EventCountry "GER"]
[SourceTitle "EXT 2023"]
[Source "ChessBase"]
[SourceDate "2022.10.05"]
[SourceVersion "1"]
[SourceVersionDate "2022.10.05"]
[SourceQuality "1"]

1. e4 d5 2. exd5 Qxd5 3. Nc3 Qd6 4. d4 Nf6 5. Nf3 a6 6. g3 Nc6 7. Bg2 Bg4 8. 0-0 e6 9. Bf4 Qd8 10. h3 Bh5 11. g4 Bg6 12. Ne5 Nd5 13. Nxd5 exd5 14. Nxc6 bxc6 15. Re1+ Be7 16. Qe2 Kf8 17. c4 h5 18. cxd5 hxg4 19. hxg4 cxd5 20. Rac1 Bb4 21. Bxc7 Qg5 22. f4 Qh4 23. Bxd5 Bxe1 24. Bxa8 Qg3+ 25. Bg2 Bf2+ 26. Qxf2 Rh1+ 27. Kxh1 Qxf2 28. f5 Qh4+ 29. Bh2 Bh7 30. Rc8+ Ke7 31. Rc7+ Kf6 32. Bf3 Qe1+ 33. Kg2 Qd2+ 34. Kh3 Qxd4 35. Rc6+ Kg5 36. Rxa6 Qf2 37. Ra3 g6 38. f6 Kxf6 39. Bg3 Qxb2 40. Ra5 Qb6 41. g5+ Ke7 42. Rd5 Qa6 43. Rd2 Qf1+ 44. Kg4 Qg1 45. Rf2 Bg8 46. Bd5 Qd1+ 47. Bf3 Qd7+ 48. Kh4 f5 49. gxf6+ Kf8 50. Be5 Be6 51. Rb2 Bd5 52. Rd2 Qa4+ 53. Rd4 Qxd4+ 54. Bxd4 Bxf3 55. Kg5 Kf7 56. a4 Bc6 57. a5 1-0

[Event "Oberliga Bayern 1011"]
[Site "Germany"]
[Date "2011.02.06"]
[Round "6.2"]
[White "Blaskowski, Johannes"]
[Black "Heiduczek, Josef"]
[Result "1/2-1/2"]
[WhiteElo "2270"]
[BlackElo "2229"]
[PlyCount "66"]
[EventDate "2010.10.10"]
[EventType "team-tourn"]
[EventRounds "9"]
[EventCountry "GER"]
[SourceTitle "EXT 2012"]
[Source "ChessBase"]
[SourceDate "2011.11.24"]
[SourceVersion "1"]
[SourceVersionDate "2011.11.24"]
[SourceQuality "1"]
[WhiteTeam "Pang/Rosenheim"]
[BlackTeam "Rottal"]
[WhiteTeamCountry "GER"]
[BlackTeamCountry "GER"]

1. e4 e5 2. Nf3 d6 3. d4 exd4 4. Nxd4 Nf6 5. Nc3 Be7 6. Be2 0-0 7. 0-0 Re8 8. Re1 Bf8 9. Bf3 Nbd7 10. g3 Nc5 11. Bg2 Bd7 12. h3 c6 13. g4 h6 14. Bf4 Qb6 15. Nb3 Nxb3 16. axb3 Be6 17. Bxd6 Rad8 18. e5 Bxd6 19. exd6 Qc5 20. Na4 Qb4 21. c3 Qf4 22. Nc5 Rxd6 23. Qf3 Qg5 24. Qe3 b6 25. Qxg5 hxg5 26. Nxe6 Rexe6 27. Rxe6 Rxe6 28. Rxa7 Re1+ 29. Bf1 Nd5 30. Rb7 c5 31. c4 Nf4 32. Rxb6 Ne2+ 33. Kg2 Nf4+ 1/2-1/2

[Event "Oberliga Bayern 1011"]
[Site "Germany"]
[Date "2010.11.14"]
[Round "3.4"]
[White "Heiduczek, Josef"]
[Black "Schuster, Karsten"]
[Result "1-0"]
[WhiteElo "2229"]
[BlackElo "2197"]
[PlyCount "67"]
[EventDate "2010.10.10"]
[EventType "team-tourn"]
[EventRounds "9"]
[EventCountry "GER"]
[SourceTitle "EXT 2012"]
[Source "ChessBase"]
[SourceDate "2011.11.24"]
[SourceVersion "1"]
[SourceVersionDate "2011.11.24"]
[SourceQuality "1"]
[WhiteTeam "Rottal"]
[BlackTeam "Groebenzell"]
[WhiteTeamCountry "GER"]
[BlackTeamCountry "GER"]

1. e4 d5 2. exd5 Qxd5 3. Nc3 Qd6 4. d4 c6 5. Nf3 Bg4 6. Be3 Nf6 7. h3 Bxf3 8. Qxf3 e6 9. 0-0-0 Qc7 10. g4 Bb4 11. g5 Nd5 12. Ne4 b5 13. h4 Nd7 14. Bh3 Qa5 15. Kb1 N7b6 16. Bc1 Rf8 17. c3 Be7 18. b3 Rb8 19. Bd2 Qa3 20. Qg3 Rb7 21. Bc1 Qa5 22. Rd3 Nc4 23. Nc5 Bxc5 24. dxc5 b4 25. Rxd5 cxd5 26. c6 Rc7 27. cxb4 Qb6 28. bxc4 Rxc6 29. cxd5 Qxb4+ 30. Qb3 Qe4+ 31. Ka1 Rb6 32. f3 Qe2 33. Qc3 Qb5 34. Qc8+ 1-0

[Event "Oberliga Bayern 1011"]
[Site "Germany"]
[Date "2010.10.10"]
[Round "1.2"]
[White "Heiduczek, Josef"]
[Black "Wagner, Florian"]
[Result "0-1"]
[WhiteElo "2229"]
[BlackElo "2221"]
[PlyCount "66"]
[EventDate "2010.10.10"]
[EventType "team-tourn"]
[EventRounds "9"]
[EventCountry "GER"]
[SourceTitle "EXT 2012"]
[Source "ChessBase"]
[SourceDate "2011.11.24"]
[SourceVersion "1"]
[SourceVersionDate "2011.11.24"]
[SourceQuality "1"]
[WhiteTeam "Rottal"]
[BlackTeam "Nuernberg NT"]
[WhiteTeamCountry "GER"]
[BlackTeamCountry "GER"]

1. e4 c5 2. Nf3 Nc6 3. d4 cxd4 4. Nxd4 Nf6 5. Nc3 e5 6. Ndb5 d6 7. Bg5 a6 8. Na3 b5 9. Nd5 Qa5+ 10. Bd2 Qd8 11. c4 Nxe4 12. cxb5 Be6 13. Bc4 axb5 14. Nxb5 Rc8 15. 0-0 Be7 16. Be3 0-0 17. a4 Bg5 18. Qe2 Nd4 19. Nxd4 exd4 20. Bxg5 Qxg5 21. Qxe4 Rxc4 22. Nf4 Bd7 23. Qd5 Qxd5 24. Nxd5 Rxa4 25. Rxa4 Bxa4 26. Ra1 Bc2 27. Nb4 Bb3 28. Ra3 Re8 29. f3 Bc4 30. Nc2 d3 31. Ne3 d2 32. Kf2 f5 33. Ra1 Bb3 0-1

[Event "Bayern-ch 81st"]
[Site "Bad Koenigshofen"]
[Date "2010.08.27"]
[Round "7"]
[White "Jussupow, Nadejda"]
[Black "Heiduczek, Josef"]
[Result "1-0"]
[WhiteElo "2055"]
[BlackElo "2137"]
[PlyCount "66"]
[EventDate "2010.08.22"]
[EventType "swiss"]
[EventRounds "9"]
[EventCountry "GER"]
[SourceTitle "EXT 2015"]
[Source "ChessBase"]
[SourceDate "2014.11.20"]
[SourceVersion "1"]
[SourceVersionDate "2014.11.20"]
[SourceQuality "1"]

1. d4 f5 2. g3 Nf6 3. Bg2 g6 4. Nh3 Bg7 5. 0-0 0-0 6. c3 Nc6 7. Qb3+ e6 8. Nd2 Kh8 9. Nf3 d6 10. Nfg5 Qe7 11. Nf4 Nd8 12. Rd1 Bd7 13. e4 e5 14. dxe5 dxe5 15. Nd5 Nxd5 16. exd5 Rb8 17. c4 h6 18. Nf3 Nf7 19. Bd2 e4 20. Bb4 Qf6 21. Bc3 Qd8 22. Bxg7+ Kxg7 23. Nd4 Qf6 24. f3 Ng5 25. f4 Nf7 26. c5 Kh7 27. Qe3 Rfc8 28. Bf1 Rg8 29. Bc4 g5 30. Kh1 gxf4 31. gxf4 Rg6 32. Rg1 Rbg8 33. b4 Nd8 1-0

[Event "Bayern-ch 81st"]
[Site "Bad Koenigshofen"]
[Date "2010.08.25"]
[Round "5"]
[White "Maurer, Heinrich"]
[Black "Heiduczek, Josef"]
[Result "1-0"]
[WhiteElo "2029"]
[BlackElo "2137"]
[PlyCount "109"]
[EventDate "2010.08.22"]
[EventType "swiss"]
[EventRounds "9"]
[EventCountry "GER"]
[SourceTitle "EXT 2015"]
[Source "ChessBase"]
[SourceDate "2014.11.20"]
[SourceVersion "1"]
[SourceVersionDate "2014.11.20"]
[SourceQuality "1"]

1. e4 e5 2. Nf3 d6 3. d4 exd4 4. Nxd4 Nf6 5. Nc3 Be7 6. Be2 0-0 7. 0-0 Re8 8. f4 Bf8 9. Bf3 c5 10. Nde2 Nc6 11. h3 Bd7 12. a3 Rb8 13. Qd3 b5 14. Nd5 Nxd5 15. Qxd5 b4 16. axb4 Nxb4 17. Qd2 Qb6 18. c3 Nc6 19. Kh1 Na5 20. Qc2 Nb3 21. Ra3 c4 22. Ra2 Bc6 23. Ng3 Be7 24. Re1 Nxc1 25. Rxc1 Qb7 26. Nf5 Bf8 27. Re1 d5 28. e5 g6 29. Nd4 f6 30. Rxa7 Qxa7 31. Nxc6 Qc5 32. Nxb8 Rxb8 33. Rd1 fxe5 34. Bxd5+ Kh8 35. fxe5 Qe3 36. Bxc4 Qxe5 37. Qd2 Be7 38. Re1 Qc5 39. Qe3 Qxe3 40. Rxe3 Bg5 41. Re2 Bf4 42. g4 Rd8 43. Kg2 Rd2 44. Kf3 Rxe2 45. Bxe2 Bc1 46. b3 Kg7 47. Ke4 Kf6 48. Kd5 Ke7 49. Bd3 Kf6 50. c4 h5 51. gxh5 gxh5 52. Kd6 Ba3+ 53. c5 h4 54. Be2 Bb4 55. Bg4 1-0

[Event "Bayern-ch 81st"]
[Site "Bad Koenigshofen"]
[Date "2010.08.23"]
[Round "2"]
[White "Heiduczek, Josef"]
[Black "Wilfert, Andre"]
[Result "1-0"]
[WhiteElo "2137"]
[BlackElo "2008"]
[PlyCount "59"]
[EventDate "2010.08.22"]
[EventType "swiss"]
[EventRounds "9"]
[EventCountry "GER"]
[SourceTitle "EXT 2015"]
[Source "ChessBase"]
[SourceDate "2014.11.20"]
[SourceVersion "1"]
[SourceVersionDate "2014.11.20"]
[SourceQuality "1"]

1. e4 c5 2. Nf3 e6 3. d4 cxd4 4. Nxd4 a6 5. Bd3 Nc6 6. Nxc6 bxc6 7. 0-0 e5 8. Nd2 Nf6 9. Nc4 d6 10. Bd2 Nd7 11. f4 exf4 12. Bxf4 Nb6 13. Be3 Nxc4 14. Bxc4 Be6 15. Bxe6 fxe6 16. Qh5+ g6 17. Qh3 Qe7 18. e5 Bg7 19. exd6 Qd7 20. Bg5 Rf8 21. Be7 Rf5 22. Qxh7 Kf7 23. Rxf5+ exf5 24. Qh3 Rb8 25. Qd3 Rxb2 26. Re1 Qa7+ 27. Kh1 Qf2 28. Qc4+ Ke8 29. Qg8+ Kd7 30. Qd8# 1-0

[Event "Landesliga Sued 0910"]
[Site "Bayern"]
[Date "2010.02.28"]
[Round "7.7"]
[White "Heiduczek, Josef"]
[Black "Rubke, Manfred"]
[Result "1-0"]
[WhiteElo "2168"]
[BlackElo "2118"]
[PlyCount "99"]
[EventDate "2009.10.18"]
[EventType "team-tourn"]
[EventRounds "9"]
[EventCountry "GER"]
[SourceTitle "EXT 2011"]
[Source "ChessBase"]
[SourceDate "2010.11.26"]
[SourceVersion "1"]
[SourceVersionDate "2010.11.26"]
[SourceQuality "1"]
[WhiteTeam "Rottal"]
[BlackTeam "Haunstetten"]
[WhiteTeamCountry "GER"]
[BlackTeamCountry "GER"]

1. e4 d5 2. exd5 Qxd5 3. Nc3 Qa5 4. d4 c6 5. Bc4 Bf5 6. Bd2 Qc7 7. g4 Bg6 8. f4 e6 9. Qe2 Ne7 10. 0-0-0 Nd7 11. Nf3 0-0-0 12. Rhf1 Nd5 13. Ne5 Nxe5 14. dxe5 Nxc3 15. Bxc3 Rxd1+ 16. Rxd1 b5 17. Bb3 Bc5 18. Rf1 h6 19. f5 exf5 20. gxf5 Bh7 21. Qg4 b4 22. Qxg7 Rd8 23. Bd2 Bxf5 24. Qxf7 Qxf7 25. Bxf7 Bh3 26. Rf6 Bg2 27. Bxh6 Kb7 28. Bc4 Bd4 29. Rf7+ Kb6 30. e6 Bc5 31. Bf4 Rc8 32. Rd7 Bh3 33. Bg5 Bf2 34. Rd8 Rxd8 35. Bxd8+ Kc5 36. e7 Bd7 37. b3 Kd6 38. Kd2 Bd4 39. h4 Be8 40. Be2 Bc3+ 41. Kd3 Bg7 42. h5 Bf7 43. Ke4 Bd5+ 44. Kf5 Bf7 45. Kg5 Bc3 46. Bd3 Bd2+ 47. Kg4 Kd7 48. Bg6 Ke8 49. Kf5 Be3 50. Ke5 1-0

[Event "Landesliga Sued 0910"]
[Site "Bayern"]
[Date "2009.11.15"]
[Round "2.7"]
[White "Heiduczek, Josef"]
[Black "Kaiser, Guenter1111"]
[Result "1-0"]
[WhiteElo "2168"]
[BlackElo "2059"]
[PlyCount "25"]
[EventDate "2009.10.18"]
[EventType "team-tourn"]
[EventRounds "9"]
[EventCountry "GER"]
[SourceTitle "EXT 2011"]
[Source "ChessBase"]
[SourceDate "2010.11.26"]
[SourceVersion "1"]
[SourceVersionDate "2010.11.26"]
[SourceQuality "1"]
[WhiteTeam "Rottal"]
[BlackTeam "Tegernsee"]
[WhiteTeamCountry "GER"]
[BlackTeamCountry "GER"]

1. e4 d5 2. exd5 Qxd5 3. Nc3 Qd6 4. d4 Nf6 5. Bc4 a6 6. Nf3 b5 7. Bb3 Bb7 8. Ne5 e6 9. Bf4 Qb6 10. d5 Bc5 11. dxe6 Bxf2+ 12. Kf1 0-0 13. e7 1-0